Score 0/17 Timer 04:00
3 Plays Today
'Clue' 4-Letter Word % Correct
What Santa puts in your stocking if you're goodCOAL
92.3%
Nerdy and unhipCOOL
88.6%
A grown horseFOAL
85%
April 1st celebrant? FOOL
82.5%
A light synthetic fabricWOOL
82.4%
A metallic golf clubWOOD
79.2%
Hot to the touchCOLD
78.5%
Poorly done or misbehavedGOOD
75.8%
A clear, uncarbonated beverageCOLA
71.7%
'Clue' 4-Letter Word % Correct
Unspoken, like a secretTOLD
70%
What the princess had after kissing a princeTOAD
64.7%
Leave a partyCOME
61.8%
Fail to inspire people to motivateGOAD
60.7%
A period of awakedness and lucidityCOMA
60.1%
The beginning of the Iditarod Sled RaceNOME
46%
Slangy approvalNOPE
38.6%
An antonym for the first rung of the ladderDOPE
32.7%

Today's Daily Dose

Remove Ads.
Support Sporcle.
Get the best of Sporcle when you Go Orange. This ad-free experience offers more features, more stats, and more fun while also helping to support Sporcle. Thank you for becoming a member.

You're not logged in!

Compare scores with friends on all Sporcle quizzes.
OR
Log In

Show Comments

Extras

Top Quizzes Today


Score Distribution

Your Account Isn't Verified!

In order to create a playlist on Sporcle, you need to verify the email address you used during registration. Go to your Sporcle Settings to finish the process.

Report this User

Report this user for behavior that violates our Community Guidelines.

Details: